Obálka Náhled e-knihy:
PDF Epub
Pro půjčování e-knih musíte být přihlášeni.
Jak si půjčit online?

Čas na počasí : kapesní průvodce po meteorologii /

Uloženo v:
Hlavní autor: Honsová, Dagmar, 1980- (Autor)
Médium: E-kniha
Jazyk:Czech
Vydáno: V Praze : Paseka, 2026
Vydání:Vydání první
Témata:
Tagy:
Žádné tagy
LEADER 01974nam a2200505 i 4500
001 301442
003 CZ PrSKC
005 20260429063157.0
007 ta
008 260417s2026 xr a e f 000 0 cze
015 |a cnb003751541 
020 |a 9788076376014  |q (brožováno) 
040 |a OLA001  |b cze  |e rda 
072 7 |a 551  |x Geologie. Meteorologie. Klimatologie  |2 Konspekt 
080 |a 551.5  |2 MRF 
080 |a 551.515  |2 MRF 
080 |a 551.59  |2 MRF 
080 |a "321/324"  |2 MRF 
080 |a (0.062)  |2 MRF 
100 1 |a Honsová, Dagmar,  |d 1980-  |7 uzp2009545468  |4 aut 
245 1 0 |a Čas na počasí :  |b kapesní průvodce po meteorologii /  |c Dagmar Honsová 
250 |a Vydání první 
264 1 |a V Praze :  |b Paseka,  |c 2026 
300 |a 117 stran :  |b ilustrace ;  |c 21 cm 
336 |a text  |b txt  |2 rdacontent 
337 |a bez média  |b n  |2 rdamedia 
338 |a svazek  |b nc  |2 rdacarrier 
500 |a Terminologický slovník 
504 |a Obsahuje bibliografické odkazy 
650 0 7 |a meteorologie  |7 ph115269  |2 czenas 
650 0 7 |a počasí  |7 ph124495  |2 czenas 
650 0 7 |a meteorologické jevy  |7 ph430275  |2 czenas 
650 0 7 |a roční období  |7 ph125283  |2 czenas 
650 0 9 |a meteorology  |2 eczenas 
650 0 9 |a weather  |2 eczenas 
650 0 9 |a meteorological phenomena  |2 eczenas 
650 0 9 |a seasons  |2 eczenas 
655 7 |a populárně-naučné publikace  |7 fd131864  |2 czenas 
655 9 |a popular works  |2 eczenas 
710 2 |a Nakladatelství Paseka  |7 kn20080729011  |4 pbl 
900 |a BOA001  |b 18 
044 |a xr 
910 |a RBIT002 
998 |d 426278  |a https://core.palmknihy.cz/api/books/426278/cover?tdmshw  |b https://core.palmknihy.cz/api/books/426278/cover/400?tdmshw  |c https://core.palmknihy.cz/api/books/426278/cover/50?tdmshw  |e 2034-03-01  |g 120  |i 9788076376014  |j https://core.palmknihy.cz/api/books/426278/preview.epub  |k https://core.palmknihy.cz/api/books/426278/preview.pdf  |l   |q 49  |r 1  |s https://www.palmknihy.cz/kniha/426278  |t ebook  |y 2026  |z 0 
999 |d 301440